| 000 | 00710nam a22001937a 4500 | ||
|---|---|---|---|
| 999 |
_c19539 _d19539 |
||
| 003 | AR-CdUCM | ||
| 008 | 190517b ||||| |||| 00| 0 spa d | ||
| 040 |
_aMUNICIPALIDAD PROVINCIAL DEL CUSCO _cBIBLIOTECA MUNICIPAL DEL CUSCO |
||
| 082 |
_24ed. _a388 / _bC18 |
||
| 100 |
_aCal y Mayor, Rafael _940931 |
||
| 245 | _aIngeniería de tránsito / | ||
| 260 |
_aMéxico, _c1974. |
||
| 300 |
_a297 páginas ; _c24 cm. |
||
| 505 | _aContenido: Evolución del transporte -- Problema actual -- Solución del problema -- El usuario -- El vehículo -- El camino... | ||
| 650 |
_aIngeniería del tránsito _940932 |
||
| 710 |
_aAsociación mexicana de caminos _940933 |
||
| 942 |
_2ddc _cLIBROS |
||
| 945 |
_aacv _d2019-05.17 |
||